000 00848nam a2200265 i 4500
001 113262
003 ES-MaACL
005 20250717063030.0
007 t|
008 070221s1979 sp ||||1| spa d
020 _a84-376-0171-1
080 _a821.134.2-23"19"
100 1 _aSastre, Alfonso,
_d1926-
_9103915
245 1 0 _aM. S. V. (o La Sangre y la ceniza) ; Crónicas romanas /
_cAlfonso Sastre ; edición de Magda Ruggeri Marhetti.
260 _aMadrid :
_bCátedra,
_c[1979]
300 _a420 p. ;
_c18 cm.
490 1 _aLetras hispánicas ;
_v88
500 _aBiblioteca Jacinto Martínez Lacalle.
700 1 _aRuggeri Marchetti, Magda.
_9100560
740 0 _aCrónicas romanas.
830 0 0 _aLetras hispánicas ;
_v88
_9235703
852 _aES-MaACL
_jE-11621
_bR.139645
942 _2udc
999 _c113262
_d113262